Journal of Applied Ecology

محفوظ في:

التنسيق: دورية

اللغة: Undetermined

منشور في: JSTOR
British Ecological Society

الموضوعات:

الوصول للمادة أونلاين: Login to view Source

الوسوم: إضافة وسم

لا توجد وسوم, كن أول من يضع وسما على هذه التسجيلة!

رقم الطلب:

LEADER 00569nas a2200181Ia 4500
008 220214c99999999xx |||||||||||| ||und||
022 |a 0021-8901 
022 |a 1365-2664 
245 0 0 |a Journal of Applied Ecology 
264 1 |b JSTOR 
264 1 |b British Ecological Society 
362 0 |a Vol. 1(1964)-52 (2015) 
653 1 0 |a Ecology & Evolutionary Biology 
653 1 0 |a Science & Mathematics 
856 4 0 |u https://www.jstor.org/journal/jappliedecology 
942 |c JL 
952 |0 0  |1 0  |4 0  |7 1  |9 35510  |a JSR  |b JSR  |d 2022-02-14  |l 0  |r 2022-02-14 00:00:00  |w 2022-02-14  |y JL 
999 |c 43843  |d 43843